01740cam a22002657a 4500020001800000022001300018040000800031082002600039100002600065245009200091260007600183300002500259520080000284650002101084650002901105650002301134650001101157650002801168700002101196700001801217710006101235942001001296999001701306952015101323 a9789251052006 a02586150 cFQG aFAO CCA 2004 C131 Or.1 aRosenbaum, Kenneth L.10aClimate change and the forest sector :bpossible national and subnational legislation / aRome :bFood and Agriculture Organization of the United Nations,c2004. axii, 60 p. ;c25 cm. aClimate change presents the world with a daunting problem. Science shows that humans are causing a major change in world climates. The economic and ecological stakes are high. In an ideal world, mature science would guide policy and legal reform. In the real world, it is not always possible to have the luxury of certainity and the comfort of strictly rational decisions based on scientific insight. Responding to the challenge will require pioneering efforts in science, politics, pollution control, forests management and law. This publication examines the development of international law on climate change, such as the UNFCCC and the Kyoto Protocol, and discusses issues that national and subnational legislative bodies may have to coinsider regarding climate change mitigation and forests. 0aClimatic changes 0aForest microclimatology. 0aForest management. 0aPlants 0aVegetation and climate.1 aSchoene, Dieter.1 aMekouar, Ali.2 aFood and Agriculture Organization of the United Nations. cAEDBB c20959d20959 0010406FAO_CCA_2004_000000000000000_C131_OR70992641aLBCbLBCcC131d2023-01-20oFAO CCA 2004 C131 Or.pa071105r2023-01-20w2023-01-20yAEDBB